[Event "AUTO-ELITE-2371"]
[Site "http://www.queenalice.com/game.php?id=1772544"]
[Date "2021.10.18"]
[Round "1"]
[White "fred57"]
[Black "pt58"]
[Result "1-0"]
[WhiteElo "2885"]
[BlackElo "2556"]

1. d4 Nf6 2. c4 c5 3. d5 b5 4. cxb5 a6 5. bxa6 g6 6. Nc3 Bxa6 7. e4 Bxf1 8. Kxf1
d6 9. Nf3 Bg7 10. g3 O-O 11. Kg2 Nbd7 12. a4 Qb6 13. Qe2 Rfb8 14. Nb5 Ne8 15.
Bg5 h6 16. Bxe7 1-0

[Event "AUTO-ELITE-2371"]
[Site "http://www.queenalice.com/game.php?id=1772545"]
[Date "2021.10.18"]
[Round "1"]
[White "pt58"]
[Black "fred57"]
[Result "0-1"]
[WhiteElo "2557"]
[BlackElo "2884"]

1. e4 e5 2. Nf3 Nc6 3. Bb5 a6 4. Ba4 Nf6 5. d3 b5 6. Bb3 Bc5 7. O-O d6 8. a4 Rb8
9. axb5 axb5 10. h3 h6 11. Nc3 O-O 12. Ne2 Ne7 13. c3 Ng6 14. Ng3 Bb6 15. d4 Bb7
0-1

[Event "AUTO-ELITE-2373"]
[Site "http://www.queenalice.com/game.php?id=1773307"]
[Date "2021.10.27"]
[Round "1"]
[White "fred57"]
[Black "BEBADO"]
[Result "1-0"]
[WhiteElo "2883"]
[BlackElo "2286"]

1. c4 Nf6 2. Nc3 e6 3. e4 d5 4. e5 Ne4 5. Nf3 Be7 6. Qc2 Nc6 7. d4 Nb4 8. Qb1
O-O 9. a3 Nc6 10. Nxe4 dxe4 11. Qxe4 1-0